Normal view
MARC view
- Prophets, Pre-Islamic
Entry Topical Term
001 - CONTROL NUMBER
- control field: 37370
003 - CONTROL NUMBER IDENTIFIER
- control field: NUST
005 - DATE AND TIME OF LATEST TRANSACTION
- control field: 20210314130248.0
008 - FIXED-LENGTH DATA ELEMENTS
- fixed length control field: 210314|| aca||aabn | a|a d
040 ## - CATALOGING SOURCE
- Original cataloging agency: NUST
- Transcribing agency: NUST
150 ## - HEADING--TOPICAL TERM
- Topical term or geographic name entry element: Prophets, Pre-Islamic
670 ## - SOURCE DATA FOUND
- Source citation: Work cat.: (NUST): Haque, Ziaul. 37369, Revelation & revolution in Islam /, 1987.
